000 00389nam a2200145Ia 4500
008 260330s9999 xx 000 0 und d
020 _a9.7893577808e+012
082 _a658.15
_bRUS/F
100 _aRustagi, R.P.
245 0 _aFinancial Management: Theory, Concepts, Problems
250 _a7th
260 _aNew Delhi
_bTaxmann Publication Pvt Ltd
_c2024
300 _a926p.
942 _cBK
999 _c53082
_d53082